Normal view
MARC view
Entry Personal Name
001 - CONTROL NUMBER
- control field: 25446
003 - CONTROL NUMBER IDENTIFIER
- control field: Doon University
005 - DATE AND TIME OF LATEST TRANSACTION
- control field: 20250326121114.0
008 - FIXED-LENGTH DATA ELEMENTS
- fixed length control field: 250326|| aca||aabn | a|a d
040 ## - CATALOGING SOURCE
- Original cataloging agency: Doon University
- Transcribing agency: Doon University
100 ## - HEADING--PERSONAL NAME
- Personal name: Jetli, K.Narindar
670 ## - SOURCE DATA FOUND
- Source citation: Work cat.: (Doon University)59533: Chatterjee, Anup 3919, Industry and Infrastructure Development in India Since1947, 2009